| 000 | 03862cam a22004094a 4500 | ||
|---|---|---|---|
| 999 |
_c232701 _d232701 |
||
| 001 | 14171744 | ||
| 003 | Nust | ||
| 005 | 20180117090023.0 | ||
| 008 | 051117s2006 maua b 001 0 eng | ||
| 010 | _a 2005033631 | ||
| 015 |
_aGBA521068 _2bnb |
||
| 016 | 7 |
_a013130252 _2Uk |
|
| 020 | _a1405106298 (hardcover : alk. paper) | ||
| 020 | _a9781405106290 (hardcover : alk. paper) | ||
| 035 | _a(OCoLC)ocm62326789 | ||
| 040 |
_aDLC _cDLC _dBAKER _dBWKUK _dYDXCP _dOCLCQ _dUKM _dBTCTA _dPUL _dUPP _dTTU _dMUQ _dTSU _dDEBBG _dDLC |
||
| 042 | _apcc | ||
| 050 | 0 | 0 |
_aHT321 _b.C625 2006 |
| 082 | 0 | 0 |
_a330.9173/2 _222 |
| 084 |
_aQY 300 _2rvk |
||
| 245 | 0 | 2 |
_aA companion to urban economics / _cedited by Richard J. Arnott, Daniel P. McMillen. |
| 260 |
_aMalden, MA ; _aOxford : _bBlackwell Pub., _c2006. |
||
| 300 |
_axxvii, 574 p. : _bill. ; _c26 cm. |
||
| 440 | 0 |
_aBlackwell companions to contemporary economics ; _v4 |
|
| 504 | _aIncludes bibliographical references and index. | ||
| 505 | 0 | 0 |
_tThe micro-empirics of agglomeration economies / _rStuart S. Rosenthal and William C. Strange -- _tHuman capital externalities in cities : identification and policy issues / _rGilles Duranton -- _tThe first cities / _rArthur O'Sullivan -- _tCross-country patterns of urban development / _rStephen Malpezzi -- _tThe spatial pattern of land use in the United States / _rElena G. Irwin and Nancy E. Bockstael -- _tMonocentric cities / _rMarvin Kraus -- _tSpace in general equilibrium / _rMarcus Berliant and Courtney LaFountain -- _tTesting for monocentricity / _rDaniel P. McMillen -- _tThe economic theory of housing tenure choice / _rFranz Hubert -- _tHousing policy : low-income households in France / _rAnne Laferrère and David Le Blanc -- _tHousing demand : an international perspective / _rMiki Seko -- _tDiscrimination in mortgage lending / _rAnthony M. Yezer -- _tCommercial real estate / _rDavid Geltner -- _tHousing price indexes / _rBradford Case -- _tUrban transport economic theory / _rYoshitsugu Kanemoto -- _tUrban passenger travel demand / _rAndré de Palma, Robin Lindsey, and Nathalie Picard -- _tUrban transportation and land use / _rJohn F. McDonald -- _tUrban transport policies : the Dutch struggle with market failures and policy failures / _rPiet Rietveld -- _tFinancing cities / _rRobert P. Inman -- _tStrategic interaction among governments / _rJan K. Brueckner -- _tProperty and land taxation / _rJohn Douglas Wilson -- _tA theory of municipal corporate governance with an application to land-use regulation / _rWilliam A. Fischel -- _tUrban labor markets / _rTimothy J. Bartik and Randall W. Eberts -- _tA primer on spatial mismatch within urban labor markets / _rKeith R. Ihlanfeldt -- _tUrban labor economic theory / _rYves Zenou -- _tMacroeconomic analysis using regional data : an application to monetary policy / _rGerald A. Carlino and Robert H. DeFina -- _tMeasuring and analyzing urban employment fluctuations / _rN. Edward Coulson -- _tMeasuring quality of life / _rGlenn C. Blomquist -- _tAir pollution in cities / _rMatthew E. Kahn -- _tUrban crime, race, and the criminal justice system in the United States / _rStephen Raphael and Melissa Sills -- _tEthnic segregation and ghettos / _rAlex Anas. |
| 650 | 0 | _aUrban economics. | |
| 655 | 7 |
_aAufsatzsammlung. _2swd |
|
| 700 | 1 | _aArnott, Richard. | |
| 700 | 1 | _aMcMillen, Daniel P. | |
| 856 | 4 | 2 |
_3Contributor biographical information _uhttp://www.loc.gov/catdir/enhancements/fy0802/2005033631-b.html |
| 856 | 4 | 2 |
_3Publisher description _uhttp://www.loc.gov/catdir/enhancements/fy0805/2005033631-d.html |
| 906 |
_a7 _bcbc _corignew _d1 _eecip _f20 _gy-gencatlg |
||
| 942 |
_2ddc _cBK |
||